Bi-Colored Flags - Statistics

General Stats
  • This quiz has been taken 50 times
    29 since last reset
  • The average score is 33 of 36
Answer Stats
Picture Answer % Correct
Austria
95%
Bahrain
95%
Canada
95%
China
95%
Indonesia
95%
Israel
95%
Monaco
95%
North Macedonia
95%
Turkey
95%
Vietnam
95%
Albania
90%
Bangladesh
90%
Finland
90%
Georgia
90%
Greece
90%
Japan
90%
Kyrgyzstan
90%
Latvia
90%
Morocco
90%
Nigeria
90%
Pakistan
90%
Poland
90%
Qatar
90%
Saudi Arabia
90%
Singapore
90%
Somalia
90%
Sweden
90%
Switzerland
90%
Tonga
90%
Tunisia
90%
Ukraine
90%
Denmark
86%
Honduras
86%
Kazakhstan
86%
Micronesia
86%
Palau
86%
No matching quizzes found
Score Distribution
Percent of People with Each Score
Percentile by Number Answered
Your Score History
You have not taken this quiz since the last reset